=LDR 00000nam 2200000 4500 =001 INLIS000000001052534 =005 20240906074850 =035 ##$$a 0010-0924000073 =007 ta =008 240906################a##########j###### =020 ##$$a 978-89-6509-233-9 =082 ##$$a 028.55 =084 ##$$a 028.55 CHO b =100 #$$a Choi Chang-sook =245 1#$$a Bebek /$c Choi Chang-sook =260 ##$$a Gyeonggi-do :$b Tongkeun World,$c 2011 =300 ##$$a 27 hlm. : $b ilus. ; $c 22 cm =650 #4$$a Bacaan kanak-kanak =990 ##$$a 3202401929